000 00392nam a2200157Ia 4500
008 230917s9999||||xx |||||||||||||| ||und||
040 _e160208
_aMAIN
041 _aEnglish
082 _a647.94 A43H
100 _aAngelo, Rocco M
245 0 _aIntroduction to hospitality today
250 _a3rd ed.
260 _aFlorida
_bEducational Institute
_c1998
300 _a627 p.
942 _cBK
999 _c135884
_d135884